000 00688nam a2200229Ia 4500
008 100315s9999 xx 000 0 und d
040 _cENGLISH 
082 _b8054 
_a658.1514 
100 _a"Bierman, Harold "
245 _aFinancial Policy Decisions
260 _aLondon 
_bMacmillan  
_c1970 
300 _a"xii,307  "
365 _eRupees 
_d
_b0.00 
366 _f
505 _gVaibhav Gaikwad 
530 _bDonated By RBI Library  
620 _a"Financial Policy Decisions, Financial Management, Income Bonds "
630 _aFinancial Policy Decisions
650 _aFINANCIAL MANAGEMENT 
730 _aFinancial Policy Decisions
942 _cBOOK
999 _c482789
_d482786